Представление документа в формате MARC21

Поле Инд. ПП Название Значение
Тип записи a
Библиографический уровень m
001 Контрольный номер 291d7cd2-c13e-4028-89d5-c6fe70b5042b
005 Дата корректировки 20140703150624.4
008 Кодируемые данные 041230
020 a ISBN 5-9221-0314-8
c Цена, тираж 376.09
040 a Служба первич. каталог. НБ ТвГУ
041 a Код языка текста rus
080 a Индекс УДК 535(075.8)
084 a Индекс другой классификации/Индекс ББК В34я73-1
090 x Авторский знак Л22
a Полочн. индекс В34
100 1_ a Автор Ландсберг Григорий Самуилович
245 10 a Заглавие Оптика
b Продолж. заглавия учеб. пособие для студентов физ. специальностей вузов
c Ответственность Г. С. Ландсберг
250 a Основные сведения об издании Изд. 6-е, стер.
260 0_ a Место издания Москва
b Издательство ФИЗМАТЛИТ
c Дата издания 2006
300 a Объем 848 с.
b Иллюстрации/ тип воспроизводства ил.
504 a Библиография Предм. указ.: с. 844-848.
583 a Действие Получение впервые 415 31.10.2006
k Исполнитель действия ООО "Юристъ- Гардарика"
583 a Действие Приписка 452 22.11.2006
k Исполнитель действия ООО "Юристъ- Гардарика"
583 a Действие Приписка 51 14.03.2008
k Исполнитель действия ООО "Физматлит"
650 a Основная рубрика Оптика
x Основная подрубрика Учебники для вузов
653 a Ключевые слова Оптика
852 t Порядковый номер экземпляра 30
p Инвентарный номер 856171
p Инвентарный номер 856172
p Инвентарный номер 856173
p Инвентарный номер 856174
p Инвентарный номер 856175
p Инвентарный номер 856176
p Инвентарный номер 856177
p Инвентарный номер 856178
p Инвентарный номер 856179
p Инвентарный номер 856180
p Инвентарный номер 856181
p Инвентарный номер 856182
p Инвентарный номер 856183
p Инвентарный номер 856184
p Инвентарный номер 860435
p Инвентарный номер 860436
p Инвентарный номер 860437
p Инвентарный номер 860438
p Инвентарный номер 860439
p Инвентарный номер 860440
p Инвентарный номер 903531 398.20
p Инвентарный номер 903532 398.20
p Инвентарный номер 903533 398.20
p Инвентарный номер 903534 398.20
p Инвентарный номер 903535 398.20
p Инвентарный номер 903536 398.20
p Инвентарный номер 903537 398.20
p Инвентарный номер 903538 398.20
p Инвентарный номер 903539 398.20
p Инвентарный номер 903540 398.20
863 t 00147955
863 t 00147956
863 t 00147957
863 t 00147958
863 t 00147959
863 t 00147960
863 t 00147961
863 t 00147962
863 t 00147963
863 t 00147964
863 t 00147965
863 t 00147966
863 t 00147967
863 t 00147968
863 t 00146832
863 t 00146833
863 t 00146834
863 t 00146835
863 t 00146836
863 t 00146837
863 t 00219775
863 t 00219776
863 t 00219777
863 t 00219778
863 t 00219779
863 t 00219780
863 t 00219781
863 t 00219782
863 t 00219783
863 t 00219784
888 a За счет средств университета
930 a Новая/Ретро учебники
952 p 415.2006 376.09 1 856171
p 415.2006 376.09 1 856172
p 415.2006 376.09 1 856173
p 415.2006 376.09 1 856174
p 415.2006 376.09 1 856175
p 415.2006 376.09 1 856176
p 415.2006 376.09 1 856177
p 415.2006 376.09 1 856178
p 415.2006 376.09 1 856179
p 415.2006 376.09 1 856180
p 415.2006 376.09 1 856181
p 415.2006 376.09 1 856182
p 415.2006 376.09 1 856183
p 415.2006 376.09 1 856184
p 452.2006 376.09 1 860435
p 452.2006 376.09 1 860436
p 452.2006 376.09 1 860437
p 452.2006 376.09 1 860438
p 452.2006 376.09 1 860439
p 452.2006 376.09 1 860440
p 51.2008 398.20 1 903531
p 51.2008 398.20 1 903532
p 51.2008 398.20 1 903533
p 51.2008 398.20 1 903534
p 51.2008 398.20 1 903535
p 51.2008 398.20 1 903536
p 51.2008 398.20 1 903537
p 51.2008 398.20 1 903538
p 51.2008 398.20 1 903539
p 51.2008 398.20 1 903540
c Вид литературы К ру
954 a Дата поступления на обработку 20061101
999 a Подразделение 2 Фил3